000 00788naa a22002417u 4500
001 06445
003 HDC
007 cr cn ---aaaaa
008 210123p2015 ||||| |||| 00| 0 eng d
040 _aHDC
245 0 _aSpearheading SMCCI's Halal Initiatives
260 _a[no place] :
_b[publisher not identified],
_c2015
300 _a1 online resource (10 pages)
336 _atext
_2rdacontent
337 _acomputer
_2rdamedia
338 _aonline resource
_2rdacarrier
650 _aHalal Initiatives
_96312
650 _aSMCCI's
_zMalaysia
_96901
856 _zRequest full-text at [email protected]
942 _2lcc
942 _cAR
942 _kEMAG 000270
999 _c3769
_d3769